000 00245nam a2200097Ia 4500
001 1251150
005 20251031150910.0
008 251031s9999 xx 000 0 und d
245 0 _cPELİN ÇİFT
_aI-4 BEYNİN SIRLARI
260 _bDESTEK YAYINLARI
999 _c1251150
_d1251150